[Event "SRB-chT 2nd League"]
[Site "Novi Sad"]
[Date "2023.11.07"]
[Round "8.4"]
[White "Parezanin, Darko"]
[Black "Gagic, Milan A"]
[Result "0-1"]
[WhiteElo "1993"]
[BlackElo "2164"]
[PlyCount "70"]
[EventDate "2023.11.02"]
[EventType "team-tourn"]
[EventRounds "11"]
[EventCountry "SRB"]
[SourceTitle "CB46_2023"]
[SourceDate "2023.11.15"]
[SourceVersion "1"]
[SourceVersionDate "2023.11.15"]
[SourceQuality "1"]
[WhiteTeam "Mladenovo"]
[BlackTeam "Gajdobra Hercegovac"]
[WhiteTeamCountry "SRB"]
[BlackTeamCountry "SRB"]

1. c4 e6 2. g3 d5 3. Bg2 Nf6 4. Nf3 c5 5. cxd5 exd5 6. d4 Nc6 7. 0-0 Be7 8. Nc3 0-0 9. a3 c4 10. b3 Ne4 11. Bb2 Nxc3 12. Bxc3 b5 13. bxc4 bxc4 14. Rb1 Bf5 15. Ra1 Be4 16. Qa4 Qd7 17. Bb4 Bxb4 18. axb4 Qd6 19. b5 Bxf3 20. bxc6 Bxg2 21. Kxg2 Rfc8 22. Rfb1 h5 23. Rb5 Qxc6 24. Qa5 Rd8 25. Rc5 Qe6 26. Qd2 h4 27. Ra3 h3+ 28. Kf1 Rab8 29. Qc2 Rd7 30. f3 Rdb7 31. Qc3 Rb1+ 32. Kf2 Rh1 33. e4 Rxh2+ 34. Ke3 Qh6+ 35. f4 Qh5 0-1

[Event "SRB-chT 2nd League"]
[Site "Novi Sad"]
[Date "2023.11.04"]
[Round "4.5"]
[White "Molnar, Gabor Roland"]
[Black "Parezanin, Darko"]
[Result "0-1"]
[WhiteElo "2044"]
[BlackElo "1993"]
[PlyCount "78"]
[EventDate "2023.11.02"]
[EventType "team-tourn"]
[EventRounds "11"]
[EventCountry "SRB"]
[SourceTitle "CB46_2023"]
[SourceDate "2023.11.15"]
[SourceVersion "1"]
[SourceVersionDate "2023.11.15"]
[SourceQuality "1"]
[WhiteTeam "Senta"]
[BlackTeam "Mladenovo"]
[WhiteTeamCountry "SRB"]
[BlackTeamCountry "SRB"]

1. e4 d6 2. d4 Nf6 3. Nc3 g6 4. Be3 Bg7 5. Qd2 c6 6. Bh6 Bxh6 7. Qxh6 Qa5 8. Bd3 b5 9. h3 b4 10. Nce2 b3+ 11. Nc3 bxc2 12. Nge2 Na6 13. 0-0 Nb4 14. Bc4 Ba6 15. Qg7 Rf8 16. Bxa6 Qxa6 17. e5 dxe5 18. dxe5 Nfd5 19. Rac1 Qd3 20. a3 Nxc3 21. Nxc3 Nd5 22. Rfe1 Nxc3 23. bxc3 Qd2 24. Qxh7 0-0-0 25. Qh4 Rd3 26. Qxe7 Rfd8 27. Qxf7 Qxe1+ 28. Rxe1 Rd1 29. Qe6+ Kc7 30. Qe7+ R8d7 31. Qc5 Rxe1+ 32. Kh2 c1Q 33. Qxa7+ Kd8 34. Qb8+ Ke7 35. Qb4+ Kf7 36. Qg4 Rd3 37. e6+ Kg7 38. f3 Qxc3 39. f4 Qd4 0-1

[Event "Ayvalik Kiraz"]
[Site "Ayvalik"]
[Date "2023.10.21"]
[Round "8"]
[White "Tutuncu, Ali"]
[Black "Parezanin, Darko"]
[Result "1-0"]
[WhiteElo "1869"]
[BlackElo "2192"]
[PlyCount "39"]
[EventDate "2023.10.19"]
[EventType "tourn"]
[EventRounds "9"]
[EventCountry "TUR"]
[SourceTitle "Mega2024 Update 01"]
[Source "Chessbase"]
[SourceDate "2023.11.12"]
[SourceVersion "1"]
[SourceVersionDate "2023.11.12"]
[SourceQuality "1"]

1. g3 Nf6 2. Bg2 d5 3. d3 Bf5 4. Nf3 e6 5. 0-0 Be7 6. Nc3 c6 7. h3 h6 8. Bf4 g5 9. Be5 Nbd7 10. e4 Bh7 11. exd5 cxd5 12. Bd4 a6 13. Ne5 Rg8 14. Re1 Kf8 15. Qf3 Rc8 16. Nxd7+ Nxd7 17. Rxe6 Nc5 18. Rxh6 Bg6 19. Nxd5 Ne6 20. Bf6 1-0

[Event "Ayvalik Kiraz"]
[Site "Ayvalik"]
[Date "2023.10.20"]
[Round "6"]
[White "Ceyhan, Mert"]
[Black "Parezanin, Darko"]
[Result "0-1"]
[WhiteElo "1869"]
[BlackElo "2192"]
[PlyCount "70"]
[EventDate "2023.10.19"]
[EventType "tourn"]
[EventRounds "9"]
[EventCountry "TUR"]
[SourceTitle "Mega2024 Update 01"]
[Source "Chessbase"]
[SourceDate "2023.11.12"]
[SourceVersion "1"]
[SourceVersionDate "2023.11.12"]
[SourceQuality "1"]

1. e4 c5 2. Nf3 Nc6 3. Bb5 e6 4. Bxc6 bxc6 5. d3 f6 6. Nbd2 Ne7 7. e5 fxe5 8. Nxe5 d6 9. Nec4 Ng6 10. Qh5 Be7 11. Nf3 0-0 12. Ng5 Bxg5 13. Qxg5 Qc7 14. h4 e5 15. h5 Rf5 16. hxg6 Rxg5 17. gxh7+ Kh8 18. Bxg5 d5 19. Ne3 Qa5+ 20. Ke2 c4 21. dxc4 d4 22. Nf1 e4 23. Bf4 Bg4+ 24. f3 exf3+ 25. gxf3 Re8+ 26. Kf2 Qf5 27. Rh4 Bh5 28. Nd2 g5 29. Rxh5 Qxf4 30. Nf1 g4 31. Rh2 Re3 32. Kg1 gxf3 33. Nxe3 dxe3 34. Rd1 f2+ 35. Kg2 Qg4+ 0-1

[Event "Ayvalik Kiraz"]
[Site "Ayvalik"]
[Date "2023.10.20"]
[Round "4"]
[White "Parezanin, Darko"]
[Black "Dragojlovic, Andjelko"]
[Result "1/2-1/2"]
[WhiteElo "2192"]
[BlackElo "2108"]
[PlyCount "62"]
[EventDate "2023.10.19"]
[EventType "tourn"]
[EventRounds "9"]
[EventCountry "TUR"]
[SourceTitle "Mega2024 Update 01"]
[Source "Chessbase"]
[SourceDate "2023.11.12"]
[SourceVersion "1"]
[SourceVersionDate "2023.11.12"]
[SourceQuality "1"]

1. e4 d5 2. exd5 Nf6 3. d4 Nxd5 4. Nf3 Bf5 5. Bd3 Bxd3 6. Qxd3 c6 7. 0-0 e6 8. a3 Be7 9. c4 Nb6 10. Nc3 N8d7 11. Be3 0-0 12. Rac1 Nf6 13. Rfd1 Re8 14. h3 h6 15. Ne4 Nxe4 16. Qxe4 Nd7 17. Ne5 Nf6 18. Qf3 Qc8 19. b4 Rf8 20. Rb1 Nd7 21. Nxd7 Qxd7 22. d5 exd5 23. cxd5 cxd5 24. Qxd5 Qxd5 25. Rxd5 Rfd8 26. Rbd1 b6 27. Rd7 Rxd7 28. Rxd7 Kf8 29. Kf1 a5 30. Bxb6 axb4 31. axb4 Bxb4 1/2-1/2

[Event "Ayvalik Kiraz"]
[Site "Ayvalik"]
[Date "2023.10.19"]
[Round "3"]
[White "Okus, Melih"]
[Black "Parezanin, Darko"]
[Result "1-0"]
[WhiteElo "1939"]
[BlackElo "2192"]
[PlyCount "87"]
[EventDate "2023.10.19"]
[EventType "tourn"]
[EventRounds "9"]
[EventCountry "TUR"]
[SourceTitle "Mega2024 Update 01"]
[Source "Chessbase"]
[SourceDate "2023.11.12"]
[SourceVersion "1"]
[SourceVersionDate "2023.11.12"]
[SourceQuality "1"]

1. e4 g6 2. d4 d6 3. Nc3 c6 4. Be3 Bg7 5. h3 Nd7 6. Nf3 Ngf6 7. e5 Nd5 8. Nxd5 cxd5 9. exd6 exd6 10. Bd3 0-0 11. 0-0 Nb6 12. b3 Bd7 13. Qd2 Re8 14. Bg5 f6 15. Bf4 Bf8 16. Rac1 Be6 17. a4 a6 18. Rfe1 Qd7 19. a5 Nc8 20. Qb4 Rd8 21. Re2 Ne7 22. Rce1 Nc6 23. Qa4 Bf5 24. Bxf5 Qxf5 25. Bg3 Kf7 26. b4 Qd7 27. Qb3 Ne7 28. Nd2 Re8 29. Ne4 Nf5 30. Qxd5+ Kg7 31. Nc5 Rxe2 32. Rxe2 Qf7 33. Ne6+ Kg8 34. c4 Re8 35. Kf1 Re7 36. Bxd6 Rd7 37. c5 Bxd6 38. cxd6 Rxd6 39. Qc4 Rc6 40. Qb3 Rc1+ 41. Re1 Rxe1+ 42. Kxe1 Qe7 43. Kf1 Qd6 44. Ng5+ 1-0

[Event "Ayvalik Elma"]
[Site "Ayvalik"]
[Date "2023.10.11"]
[Round "7"]
[White "Solak, Rade"]
[Black "Parezanin, Darko"]
[Result "0-1"]
[WhiteElo "1617"]
[BlackElo "2192"]
[PlyCount "91"]
[EventDate "2023.10.09"]
[EventType "tourn"]
[EventRounds "9"]
[EventCountry "TUR"]
[SourceTitle "Mega2024 Update 01"]
[Source "Chessbase"]
[SourceDate "2023.11.12"]
[SourceVersion "1"]
[SourceVersionDate "2023.11.12"]
[SourceQuality "1"]

1. e4 g6 2. d4 d6 3. Nc3 c6 4. Be3 Bg7 5. f4 Nf6 6. h3 Nh5 7. Qf3 e5 8. dxe5 dxe5 9. f5 Bf6 10. g3 Nxg3 11. Rh2 Bh4 12. Bf2 Nxf1 13. Kxf1 0-0 14. Rd1 Nd7 15. Rg2 Qe7 16. Nge2 Bxf2 17. Qxf2 b6 18. Rd3 Nf6 19. Qh4 Kh8 20. Rdg3 Ba6 21. Kg1 Ng8 22. Rg5 h6 23. Kh1 Kg7 24. fxg6 hxg5 25. Qh7+ Kf6 26. g7 Ke6 27. Qf5+ Kd6 28. gxf8Q Rxf8 29. Ng3 Kc7 30. Rd2 Bc8 31. Qf1 Rd8 32. Rf2 f6 33. Nf5 Qh7 34. Kg2 Ne7 35. Qc4 Bxf5 36. exf5 Nxf5 37. Qe6 Ne3+ 38. Kf3 Rd6 39. Qe8 Qxh3+ 40. Ke2 Nxc2 41. Qe7+ Qd7 42. Qxd7+ Kxd7 43. Ne4 Nd4+ 44. Kd3 f5 45. Nd2 g4 46. Rh2 0-1

[Event "SRB-chT 2nd League"]
[Site "Vrnjacka Banja"]
[Date "2022.11.10"]
[Round "9.3"]
[White "Omorjan, Dejan"]
[Black "Parezanin, Darko"]
[Result "1-0"]
[WhiteElo "2277"]
[BlackElo "2218"]
[PlyCount "73"]
[EventDate "2022.11.04"]
[EventType "team-tourn"]
[EventRounds "11"]
[EventCountry "SRB"]
[SourceTitle "CBM 211 Extra"]
[Source "ChessBase"]
[SourceDate "2023.01.31"]
[SourceVersion "1"]
[SourceVersionDate "2023.01.31"]
[SourceQuality "1"]
[WhiteTeam "Novi Sad Vojvodina"]
[BlackTeam "Mladenovo"]
[WhiteTeamCountry "SRB"]
[BlackTeamCountry "SRB"]

1. d4 Nf6 2. c4 e6 3. Nc3 d5 4. Nf3 Nbd7 5. Bf4 c6 6. e3 Qa5 7. Nd2 Bb4 8. Rc1 Ne4 9. Ndxe4 dxe4 10. a3 Be7 11. Qd2 Qf5 12. Qc2 Nf6 13. h3 Qg6 14. g4 h5 15. g5 Nh7 16. Nxe4 h4 17. Bd3 Qh5 18. Be2 Qg6 19. Kd2 e5 20. dxe5 Bf5 21. Bd3 Rd8 22. Nd6+ Bxd6 23. Bxf5 Be7+ 24. Kc3 Qh5 25. g6 Nf8 26. Rhg1 fxg6 27. Rxg6 Rg8 28. Rcg1 Qh8 29. Be6 Nxe6 30. Rxe6 Qh5 31. Qg6+ Qxg6 32. Rexg6 Rd7 33. e6 Rd8 34. Bc7 Rc8 35. Be5 Rd8 36. Rxg7 Rxg7 37. Rxg7 1-0

[Event "SRB-chT 2nd League"]
[Site "Vrnjacka Banja"]
[Date "2022.11.06"]
[Round "3.2"]
[White "Parezanin, Darko"]
[Black "Desnica, Vladan"]
[Result "0-1"]
[WhiteElo "2218"]
[BlackElo "2299"]
[PlyCount "102"]
[EventDate "2022.11.04"]
[EventType "team-tourn"]
[EventRounds "11"]
[EventCountry "SRB"]
[SourceTitle "CBM 211 Extra"]
[Source "ChessBase"]
[SourceDate "2023.01.31"]
[SourceVersion "1"]
[SourceVersionDate "2023.01.31"]
[SourceQuality "1"]
[WhiteTeam "Mladenovo"]
[BlackTeam "Petrovaradin Kraljica"]
[WhiteTeamCountry "SRB"]
[BlackTeamCountry "SRB"]

1. e4 e5 2. Bc4 Nf6 3. d3 Bc5 4. Nf3 Nc6 5. c3 a6 6. Bb3 0-0 7. Bg5 h6 8. Bh4 Re8 9. 0-0 Be7 10. Nbd2 d6 11. Re1 Nh7 12. Bg3 Ng5 13. Nxg5 Bxg5 14. h3 Be6 15. Nf3 Bxb3 16. Qxb3 Rb8 17. Rad1 Qf6 18. d4 Bf4 19. Bxf4 Qxf4 20. d5 Ne7 21. Rd3 Qf6 22. Qc4 Rec8 23. Red1 Ng6 24. g3 Nf8 25. Qa4 Qe7 26. Kg2 Nd7 27. b4 f5 28. Nd2 Rf8 29. f3 Rf7 30. exf5 Rxf5 31. Qc2 Rbf8 32. Re3 Qg5 33. Rde1 Nf6 34. c4 Nh5 35. Ne4 Qg6 36. Qf2 R5f7 37. Rb3 b5 38. cxb5 axb5 39. Kh2 Nf6 40. Nxf6+ Rxf6 41. Qe2 Qf7 42. Qxb5 Rxf3 43. Rxf3 Qxf3 44. Rg1 Qf2+ 45. Rg2 Qe1 46. Re2 Qf1 47. a4 e4 48. Rg2 Qb1 49. g4 Rf1 50. Re2 Rh1+ 51. Kg3 Qb3+ 0-1

[Event "SRB-chT 2nd League"]
[Site "Vrnjacka Banja"]
[Date "2022.11.05"]
[Round "2.5"]
[White "Petrovic, Aleksa"]
[Black "Parezanin, Darko"]
[Result "1-0"]
[WhiteElo "2252"]
[BlackElo "2218"]
[PlyCount "113"]
[EventDate "2022.11.04"]
[EventType "team-tourn"]
[EventRounds "11"]
[EventCountry "SRB"]
[SourceTitle "CBM 211 Extra"]
[Source "ChessBase"]
[SourceDate "2023.01.31"]
[SourceVersion "1"]
[SourceVersionDate "2023.01.31"]
[SourceQuality "1"]
[WhiteTeam "Pancevo Gligoric"]
[BlackTeam "Mladenovo"]
[WhiteTeamCountry "SRB"]
[BlackTeamCountry "SRB"]

1. Nf3 Nf6 2. c4 e6 3. d4 b6 4. g3 Bb7 5. Bg2 Bb4+ 6. Nbd2 0-0 7. 0-0 d5 8. cxd5 exd5 9. Ne5 Nbd7 10. Ndf3 Be7 11. Qc2 c5 12. dxc5 bxc5 13. Rd1 Qb6 14. Bg5 Rfd8 15. Nxd7 Rxd7 16. Ne5 Rdd8 17. Rac1 h6 18. Be3 d4 19. Nc4 Qa6 20. Bd2 Bxg2 21. Kxg2 Qe6 22. Qd3 Rd5 23. Rh1 Re8 24. Rce1 Ng4 25. h3 Ne5 26. Nxe5 Rxe5 27. Bf4 Qd5+ 28. e4 dxe3+ 29. Qxd5 Rxd5 30. Rxe3 g5 31. Bc7 Rd7 32. Ba5 Rc8 33. Rhe1 Bf6 34. Re8+ Rxe8 35. Rxe8+ Kg7 36. b3 Rd1 37. Re1 Rd3 38. Rc1 Bd4 39. Kf1 Rf3 40. Be1 h5 41. Rc4 a6 42. b4 Rf5 43. bxc5 Bxc5 44. Ra4 Bd6 45. Kg2 Rc5 46. Rxa6 Be5 47. Ra5 Bd4 48. Rxc5 Bxc5 49. a4 Kf6 50. a5 Ke6 51. Bd2 Kd5 52. Bxg5 Kc6 53. Be3 Bd6 54. a6 Be7 55. a7 Kb7 56. Kf3 Bd6 57. Ke4 1-0

[Event "SRB-chT 2nd League"]
[Site "Vrnjacka Banja"]
[Date "2022.11.04"]
[Round "1.3"]
[White "Parezanin, Darko"]
[Black "Strbac, Mladen"]
[Result "1-0"]
[WhiteElo "2218"]
[BlackElo "2290"]
[PlyCount "76"]
[EventDate "2022.11.04"]
[EventType "team-tourn"]
[EventRounds "11"]
[EventCountry "SRB"]
[SourceTitle "CBM 211 Extra"]
[Source "ChessBase"]
[SourceDate "2023.01.31"]
[SourceVersion "1"]
[SourceVersionDate "2023.01.31"]
[SourceQuality "1"]
[WhiteTeam "Mladenovo"]
[BlackTeam "Krajisnik Krajina"]
[WhiteTeamCountry "SRB"]
[BlackTeamCountry "SRB"]

1. c4 g6 2. Nc3 Bg7 3. g3 e5 4. Bg2 Nc6 5. Rb1 a5 6. a3 Nge7 7. e3 d6 8. Nge2 Be6 9. Nd5 0-0 10. 0-0 Qd7 11. d3 Nd8 12. Nec3 Nc8 13. e4 c6 14. Ne3 Bh3 15. f4 Bxg2 16. Kxg2 exf4 17. gxf4 f5 18. exf5 gxf5 19. Qh5 Qf7 20. Qh3 Ne6 21. Ne2 Ne7 22. Bd2 d5 23. Kh1 Nc5 24. Bc3 Bxc3 25. bxc3 dxc4 26. Nxc4 Ng6 27. Nb6 Rae8 28. Nd4 Kh8 29. Nc4 a4 30. Rbd1 Re7 31. Ne3 Qa2 32. c4 Qxa3 33. Nexf5 Ref7 34. Rg1 Ne4 35. Rdf1 Rf6 36. Qh6 Rxf5 37. Nxf5 Rxf5 38. Rxg6 Qe7 1-0

[Event "Vojvodina-chT 21st"]
[Site "Backa Palanka"]
[Date "2021.10.29"]
[Round "10.2"]
[White "Parezanin, Darko"]
[Black "Kostic, Filip"]
[Result "1/2-1/2"]
[WhiteElo "2203"]
[BlackElo "2191"]
[PlyCount "67"]
[EventDate "2021.10.23"]
[EventType "team-tourn"]
[EventRounds "11"]
[EventCountry "SRB"]
[SourceTitle "CBM 204 Extra"]
[Source "ChessBase"]
[SourceDate "2021.11.30"]
[SourceVersion "1"]
[SourceVersionDate "2021.11.30"]
[SourceQuality "1"]
[WhiteTeam "Mladenovo"]
[BlackTeam "Backa Palanka"]
[WhiteTeamCountry "SRB"]
[BlackTeamCountry "SRB"]

1. d4 Nf6 2. Nf3 g6 3. Bf4 Bg7 4. e3 0-0 5. Be2 d6 6. 0-0 Nh5 7. Bg5 h6 8. Bh4 g5 9. Nfd2 Nf4 10. exf4 gxh4 11. c3 c5 12. Nb3 Nd7 13. N1d2 cxd4 14. Nxd4 Nf6 15. f5 e5 16. fxe6 fxe6 17. N2f3 h3 18. g3 Ne4 19. Qc2 d5 20. Nd2 e5 21. Nxe4 exd4 22. Qb3 Kh8 23. Nd2 Qa5 24. Rac1 Be6 25. Nf3 d3 26. Bd1 Bf5 27. Nd2 d4 28. Qa4 Qc7 29. Bf3 Bd7 30. Qa3 dxc3 31. bxc3 Bc6 32. Be4 Rae8 33. Rfe1 Qf7 34. f3 1/2-1/2

[Event "Vojvodina-chT 21st"]
[Site "Backa Palanka"]
[Date "2021.10.26"]
[Round "5.2"]
[White "Parezanin, Darko"]
[Black "Brajic, Djordje"]
[Result "1-0"]
[WhiteElo "2203"]
[BlackElo "2179"]
[PlyCount "139"]
[EventDate "2021.10.23"]
[EventType "team-tourn"]
[EventRounds "11"]
[EventCountry "SRB"]
[SourceTitle "CBM 204 Extra"]
[Source "ChessBase"]
[SourceDate "2021.11.30"]
[SourceVersion "1"]
[SourceVersionDate "2021.11.30"]
[SourceQuality "1"]
[WhiteTeam "Mladenovo"]
[BlackTeam "Krajisnik Krajina"]
[WhiteTeamCountry "SRB"]
[BlackTeamCountry "SRB"]

1. e4 e5 2. Bc4 c6 3. d3 f5 4. Nf3 Nf6 5. 0-0 d5 6. Bb3 fxe4 7. dxe4 Bg4 8. Re1 Be7 9. exd5 e4 10. d6 Na6 11. d7+ Qxd7 12. Qxd7+ Bxd7 13. Ng5 Nc5 14. Nc3 Bf5 15. f3 Nxb3 16. cxb3 exf3 17. Nxf3 Kf8 18. h3 Bd6 19. Be3 Kf7 20. g4 Bc8 21. Rad1 Bg3 22. Bf2 Bxf2+ 23. Kxf2 Rf8 24. Kg3 Re8 25. Ng5+ Kf8 26. Nce4 Nxe4+ 27. Nxe4 Be6 28. Nd6 Re7 29. Rd2 Rd8 30. Rf2+ Kg8 31. Ne4 Rd3+ 32. Kh2 Rf7 33. Ref1 Rxf2+ 34. Rxf2 Rd5 35. Rc2 Bc8 36. Nc5 h5 37. gxh5 Rxh5 38. Rc3 Bxh3 39. Kg3 Bc8 40. Nd3 Bd7 41. Nf4 Rg5+ 42. Kf2 Kf7 43. Rd3 Ke7 44. b4 Rf5 45. Kg3 g5 46. Ne2 Rf1 47. Nc3 Rh1 48. Rd2 Rh4 49. a3 Rh3+ 50. Kg2 g4 51. Ne4 Re3 52. Ng3 Ke6 53. Rd4 Ke7 54. Kf2 Rf3+ 55. Kg2 Be6 56. Ne4 Bd5 57. Kg1 Rb3 58. Nc3 Be6 59. Rd2 Kf6 60. Kg2 Kg5 61. Kg3 Bd5 62. Kf2 Bf3 63. Ke3 Kf5 64. Kf2 Kf4 65. Rd4+ Kg5 66. Rd2 Kh4 67. Rc2 Kh3 68. Rd2 c5 69. b5 c4 70. Ke3 1-0

[Event "Vojvodina-chT 2nd League"]
[Site "Backa Palanka"]
[Date "2020.10.19"]
[Round "5.3"]
[White "Parezanin, Darko"]
[Black "Desnica, Vladan"]
[Result "0-1"]
[WhiteElo "2209"]
[BlackElo "2278"]
[PlyCount "78"]
[EventDate "2020.10.16"]
[EventType "team-tourn"]
[EventRounds "11"]
[EventCountry "SRB"]
[SourceTitle "EXT 2022"]
[Source "ChessBase"]
[SourceDate "2021.10.06"]
[SourceVersion "1"]
[SourceVersionDate "2021.10.06"]
[SourceQuality "1"]
[WhiteTeam "Mladenovo"]
[BlackTeam "Petrovaradin Kraljica"]
[WhiteTeamCountry "SRB"]
[BlackTeamCountry "SRB"]

1. e4 e5 2. Bc4 Nf6 3. d3 Bc5 4. Nf3 Nc6 5. c3 a6 6. Bb3 Ba7 7. Be3 0-0 8. 0-0 d6 9. Nbd2 Ne7 10. Nh4 Ng6 11. Nxg6 hxg6 12. Nf3 Qe7 13. Ng5 Ng4 14. Bd2 Nh6 15. Kh1 Kh8 16. f4 f6 17. Nf3 Be6 18. Nh4 Bf7 19. f5 g5 20. Bxf7 Qxf7 21. Ng6+ Kg8 22. h4 gxh4 23. Qh5 Rfd8 24. Qxh4 d5 25. Rad1 dxe4 26. dxe4 Kh7 27. g4 Qc4 28. Rfe1 Qd3 29. Qh2 Qf3+ 30. Qg2 Qxg2+ 31. Kxg2 Nxg4 32. Re2 Ne3+ 33. Rxe3 Bxe3 34. Rh1+ Bh6 35. Bc1 Rd3 36. Kf2 Rad8 37. Ke2 Rg3 38. Ne7 c6 39. Kf2 Rdd3 0-1

[Event "Vojvodina-chT 2nd League"]
[Site "Backa Palanka"]
[Date "2020.10.16"]
[Round "1.3"]
[White "Nestorovic, Lazar"]
[Black "Parezanin, Darko"]
[Result "1-0"]
[WhiteElo "2365"]
[BlackElo "2209"]
[PlyCount "103"]
[EventDate "2020.10.16"]
[EventType "team-tourn"]
[EventRounds "11"]
[EventCountry "SRB"]
[SourceTitle "EXT 2022"]
[Source "ChessBase"]
[SourceDate "2021.10.06"]
[SourceVersion "1"]
[SourceVersionDate "2021.10.06"]
[SourceQuality "1"]
[WhiteTeam "Pancevo Gligoric"]
[BlackTeam "Mladenovo"]
[WhiteTeamCountry "SRB"]
[BlackTeamCountry "SRB"]

1. e4 g6 2. d4 d6 3. Nc3 c6 4. a4 Nf6 5. Nge2 Bg7 6. h3 0-0 7. g4 e5 8. Bg2 Re8 9. Be3 Nbd7 10. 0-0 exd4 11. Bxd4 Nc5 12. Ng3 Ne6 13. Be3 d5 14. exd5 Nxd5 15. Nxd5 cxd5 16. Bxd5 Bxb2 17. Rb1 Bg7 18. Qf3 Qc7 19. Bxb7 Rb8 20. Bc6 Bd7 21. Bxd7 Qxd7 22. a5 a6 23. Rb6 Qa4 24. Rxa6 Nd4 25. Bxd4 Bxd4 26. c3 Bc5 27. Rc6 Qxa5 28. Ne4 Be7 29. c4 Rec8 30. Rxc8+ Rxc8 31. Rc1 Qe5 32. Kg2 Qd4 33. Qe2 Kh8 34. Nd2 Bg5 35. Nf3 Qf6 36. Rc2 Qc6 37. Qe5+ Bf6 38. Qf4 Kg8 39. Kg1 Re8 40. c5 Qd5 41. Rd2 Be5 42. Nxe5 Qxe5 43. Qxe5 Rxe5 44. Rc2 Re7 45. Kg2 Kf8 46. Kf3 Rc7 47. Ke4 Ke7 48. Ke5 Rc6 49. Kd5 Kd7 50. Ra2 Rc7 51. g5 Ke7 52. c6 1-0

[Event "Vojvodina-chT"]
[Site "Kovacica"]
[Date "2019.11.07"]
[Round "10.3"]
[White "Popovic, Milos T"]
[Black "Parezanin, Darko"]
[Result "1-0"]
[WhiteElo "2369"]
[BlackElo "2221"]
[PlyCount "80"]
[EventDate "2019.11.01"]
[EventType "team-tourn"]
[EventRounds "11"]
[EventCountry "SRB"]
[SourceTitle "CBM 192 Extra"]
[Source "Chessbase"]
[SourceDate "2019.11.06"]
[SourceVersion "1"]
[SourceVersionDate "2019.11.06"]
[SourceQuality "1"]
[WhiteTeam "Rastina Polet"]
[BlackTeam "Mladenovo"]
[WhiteTeamCountry "SRB"]
[BlackTeamCountry "SRB"]

1. d4 d6 2. g3 f5 3. Bg2 Nf6 4. Nh3 g6 5. 0-0 Bg7 6. c3 c6 7. Nd2 0-0 8. Qb3+ d5 9. Nf3 h6 10. Nf4 g5 11. Ng6 Re8 12. h4 g4 13. Nfe5 Nbd7 14. Bf4 Nh5 15. e3 e6 16. Nxd7 Qxd7 17. f3 Nxf4 18. exf4 Qf7 19. h5 gxf3 20. Bxf3 b6 21. Rae1 Ba6 22. Be2 Bxe2 23. Rxe2 c5 24. dxc5 bxc5 25. Rfe1 Rab8 26. Rxe6 c4 27. Qb4 Kh7 28. Rxe8 Rxe8 29. Re7 Rxe7 30. Qxe7 Qxe7 31. Nxe7 d4 32. cxd4 Bxd4+ 33. Kf1 Bxb2 34. Ke2 Kg7 35. Nxf5+ Kf6 36. Nxh6 Ke6 37. Ng4 Kd5 38. Ne3+ Kc5 39. h6 Bh8 40. g4 Kd4 1-0

[Event "Vojvodina-chT"]
[Site "Kovacica"]
[Date "2019.11.06"]
[Round "8.3"]
[White "Parkajic, Branislav"]
[Black "Parezanin, Darko"]
[Result "1/2-1/2"]
[WhiteElo "1922"]
[BlackElo "2221"]
[PlyCount "113"]
[EventDate "2019.11.01"]
[EventType "team-tourn"]
[EventRounds "11"]
[EventCountry "SRB"]
[SourceTitle "CBM 192 Extra"]
[Source "Chessbase"]
[SourceDate "2019.11.06"]
[SourceVersion "1"]
[SourceVersionDate "2019.11.06"]
[SourceQuality "1"]
[WhiteTeam "Indija Sloga"]
[BlackTeam "Mladenovo"]
[WhiteTeamCountry "SRB"]
[BlackTeamCountry "SRB"]

1. Nf3 Nf6 2. b3 d5 3. Bb2 Bf5 4. e3 e6 5. c4 Be7 6. Nc3 c6 7. d4 Nbd7 8. Bd3 Bg6 9. Bxg6 hxg6 10. 0-0 Qa5 11. cxd5 exd5 12. Qe2 Ne4 13. Nxe4 dxe4 14. Ne5 Qd5 15. Nxd7 Qxd7 16. f3 Bd6 17. g3 Qe6 18. fxe4 Qxe4 19. Qf3 Qxf3 20. Rxf3 f6 21. e4 0-0-0 22. Kg2 Rhe8 23. Re1 Bc7 24. Rd3 g5 25. Kf3 f5 26. Re2 g4+ 27. Kg2 g5 28. h3 gxh3+ 29. Kxh3 Re6 30. Kg2 fxe4 31. Rde3 Rde8 32. Rc3 g4 33. Bc1 Rf6 34. Rf2 Rf3 35. Re3 Bb6 36. Rfe2 Bxd4 37. Rxe4 Rxe4 38. Rxe4 Rf2+ 39. Kh1 Rf1+ 40. Kg2 Rg1+ 41. Kh2 Rxc1 42. Rxd4 Rc2+ 43. Kg1 Rxa2 44. b4 a5 45. bxa5 Rxa5 46. Rxg4 Rd5 47. Kf2 b5 48. Rb4 Kd7 49. g4 Rd3 50. g5 Ke6 51. Rf4 c5 52. Rf6+ Ke5 53. Rb6 b4 54. g6 Rd7 55. Ke3 Re7 56. Kd3 Re6 57. g7 1/2-1/2

[Event "Gligoric Cup 5th"]
[Site "Novi Sad"]
[Date "2018.11.06"]
[Round "4.4"]
[White "Vojinovic, Luka"]
[Black "Parezanin, Darko"]
[Result "1/2-1/2"]
[WhiteElo "2240"]
[BlackElo "2243"]
[PlyCount "61"]
[EventDate "2018.11.04"]
[EventType "team-swiss"]
[EventRounds "5"]
[EventCountry "SRB"]
[SourceTitle "CBM 187 Extra"]
[Source "ChessBase"]
[SourceDate "2018.11.04"]
[SourceVersion "1"]
[SourceVersionDate "2018.11.04"]
[SourceQuality "1"]
[WhiteTeam "Arandelovac"]
[BlackTeam "Mladenovo"]
[WhiteTeamCountry "SRB"]
[BlackTeamCountry "SRB"]

1. d4 d6 2. Nf3 f5 3. b3 Nf6 4. g3 g6 5. Bg2 Bg7 6. Bb2 0-0 7. 0-0 Qe8 8. Nbd2 a5 9. a3 Nc6 10. Re1 e5 11. dxe5 dxe5 12. e4 f4 13. Qe2 Kh8 14. Rad1 Qe7 15. Nc4 fxg3 16. hxg3 Ng4 17. a4 Qf6 18. Ba3 Rf7 19. c3 g5 20. Bc1 h6 21. Rf1 Be6 22. Nfd2 Qg6 23. f3 Nf6 24. Ne3 Bf8 25. Qb5 Rb8 26. Ndc4 Nd7 27. Nd5 Bc5+ 28. Be3 Bxe3+ 29. Ncxe3 Nf6 30. Nxf6 Qxf6 31. Rf2 1/2-1/2

[Event "Gligoric Cup 5th"]
[Site "Novi Sad"]
[Date "2018.11.04"]
[Round "1.4"]
[White "Parezanin, Darko"]
[Black "Stojanovic, Branko"]
[Result "1/2-1/2"]
[WhiteElo "2243"]
[BlackElo "2173"]
[PlyCount "29"]
[EventDate "2018.11.04"]
[EventType "team-swiss"]
[EventRounds "5"]
[EventCountry "SRB"]
[SourceTitle "CBM 187 Extra"]
[Source "ChessBase"]
[SourceDate "2018.11.04"]
[SourceVersion "1"]
[SourceVersionDate "2018.11.04"]
[SourceQuality "1"]
[WhiteTeam "Mladenovo"]
[BlackTeam "Novi Sad 64"]
[WhiteTeamCountry "SRB"]
[BlackTeamCountry "SRB"]

1. e4 c6 2. Nc3 d5 3. Nf3 dxe4 4. Nxe4 Bf5 5. Ng3 Bg4 6. Bc4 e6 7. h3 Bxf3 8. Qxf3 Nf6 9. 0-0 Nbd7 10. Re1 Qa5 11. Qe2 0-0-0 12. c3 Bd6 13. b4 Qc7 14. Nf1 Nd5 15. Ne3 1/2-1/2